| 000 | 01128nac a22003617a 4500 | ||
|---|---|---|---|
| 001 | BR2017002901 | ||
| 003 | BR-BrBNA | ||
| 005 | 20240105124046.0 | ||
| 008 | 230509b bl.|||m| |||| 00| 0 por d | ||
| 040 |
_aBR-BrBNA _bpor _cBiblioteca Nacional de Agricultura |
||
| 072 | _aH20 | ||
| 090 | _a0336 BR2017002901 | ||
| 100 | 1 | _aGodoy, C.V. | |
| 100 | 1 | _aUtiamada, C.M. | |
| 100 | 1 | _aMeyer, M.C. | |
| 100 | 1 | _aCampos, H.D. | |
| 100 | 1 | _aPimenta, C.B. | |
| 100 | 1 | _aMiguel-Wruck, D.S. | |
| 110 | 1 | _aEMBRAPA Soja, Londrina, PR (Brasil) | |
| 245 | 1 | _aEficiência de fungicidas para o controle da mancha-alvo, Corynespora cassiicola, na safra 2016/17: resultados sumarizados dos ensaios cooperativos | |
| 260 | 3 |
_aLondrina, PR (Brasil): _c2017. |
|
| 300 | _a5 p. | ||
| 490 |
_aCircular Técnica - EMBRAPA Soja (Brazil) _vno. 130 _x1516-7860 |
||
| 500 | _a6 ref. | ||
| 650 | _aSOJA | ||
| 650 | _aDOENÇA DE PLANTA | ||
| 650 | _aFUNGO | ||
| 650 | _aSINTOMA | ||
| 650 | _aFUNGICIDA | ||
| 650 | _aRESISTÊNCIA A PRODUTOS QUÍMICOS | ||
| 909 |
_a202312 _bLúcia Elande _c55 _dLúcia Elande |
||
| 942 |
_2AGRIS _n0 _cMS |
||
| 999 |
_c298186 _d298186 |
||